<?xml version="1.0" encoding="UTF-8"?>
<record
    xmlns:xsi="http://www.w3.org/2001/XMLSchema-instance"
    xsi:schemaLocation="http://www.loc.gov/MARC21/slim http://www.loc.gov/standards/marcxml/schema/MARC21slim.xsd"
    xmlns="http://www.loc.gov/MARC21/slim">

  <leader>00688nam a22001937a 4500</leader>
  <datafield tag="999" ind1=" " ind2=" ">
    <subfield code="c">168293</subfield>
    <subfield code="d">168293</subfield>
  </datafield>
  <controlfield tag="005">20191003122232.0</controlfield>
  <datafield tag="010" ind1=" " ind2=" ">
    <subfield code="a">UR-10516</subfield>
  </datafield>
  <datafield tag="020" ind1=" " ind2=" ">
    <subfield code="c">100.00</subfield>
    <subfield code="a">9788190602037</subfield>
  </datafield>
  <datafield tag="035" ind1=" " ind2=" ">
    <subfield code="a">U-9071</subfield>
  </datafield>
  <datafield tag="037" ind1=" " ind2=" ">
    <subfield code="b">DBAD/PUB</subfield>
    <subfield code="a">-</subfield>
  </datafield>
  <datafield tag="082" ind1=" " ind2=" ">
    <subfield code="a">840</subfield>
  </datafield>
  <datafield tag="100" ind1=" " ind2=" ">
    <subfield code="a">&#x645;&#x62D;&#x645;&#x62F; &#x62D;&#x633;&#x64A;&#x646; &#x67E;&#x631; &#x6A9;&#x627; &#x631; </subfield>
  </datafield>
  <datafield tag="245" ind1=" " ind2=" ">
    <subfield code="a">&#x627; &#x686;&#x6BE;&#x6D2; &#x627; &#x62F; &#x628; &#x6A9;&#x6CC; &#x67E;&#x6C1;&#x686;&#x627; &#x646;     </subfield>
    <subfield code="c">&#x645;&#x62D;&#x645;&#x62F; &#x62D;&#x633;&#x64A;&#x646; &#x67E;&#x631; &#x6A9;&#x627; &#x631; </subfield>
  </datafield>
  <datafield tag="246" ind1=" " ind2=" ">
    <subfield code="b">Achhey Adab ki Pehchan (Urdu)</subfield>
    <subfield code="a">Mohd Hussain Parkar </subfield>
  </datafield>
  <datafield tag="260" ind1=" " ind2=" ">
    <subfield code="a">Mumbai</subfield>
    <subfield code="b">Bhawey Printing Press</subfield>
    <subfield code="c">2008 &#x621;</subfield>
  </datafield>
  <datafield tag="270" ind1=" " ind2=" ">
    <subfield code="a">Hindustan Parchar Sabha,Mahatma Gandhi Memorial Bldg.7,Netaji ubhash Rd.</subfield>
    <subfield code="b">Mumbai</subfield>
    <subfield code="e">400002</subfield>
    <subfield code="k">*</subfield>
    <subfield code="l">-</subfield>
  </datafield>
  <datafield tag="300" ind1=" " ind2=" ">
    <subfield code="a">112 &#x635; </subfield>
    <subfield code="c">22 Cm(Hb)</subfield>
  </datafield>
  <datafield tag="942" ind1=" " ind2=" ">
    <subfield code="2">ddc</subfield>
    <subfield code="c">UR</subfield>
    <subfield code="h">840</subfield>
    <subfield code="m">&#x627; &#x62F; &#x628; </subfield>
  </datafield>
  <datafield tag="952" ind1=" " ind2=" ">
    <subfield code="0">0</subfield>
    <subfield code="1">0</subfield>
    <subfield code="4">0</subfield>
    <subfield code="7">1</subfield>
    <subfield code="8">NFIC</subfield>
    <subfield code="a">DBAD</subfield>
    <subfield code="b">DBAD</subfield>
    <subfield code="d">2019-10-03</subfield>
    <subfield code="e">DBAD/PUB</subfield>
    <subfield code="g">100.00</subfield>
    <subfield code="l">0</subfield>
    <subfield code="o">840 &#x627; &#x62F; &#x628;</subfield>
    <subfield code="p">U-9071</subfield>
    <subfield code="r">2019-10-03 00:00:00</subfield>
    <subfield code="t">1</subfield>
    <subfield code="v">100.00</subfield>
    <subfield code="w">2019-10-03</subfield>
    <subfield code="y">UR</subfield>
  </datafield>
</record>
